000 00474nam a2200145Ia 4500
008 100122s9999 xx 000 0 und d
082 _b54203
_a821
100 _aमलुष्टे पूजा
245 _aहायकूच्या वाटेवर
260 _bपूजा मलुष्टे
_c1997
300 _a67
630 _aहायकूच्या वाटेवर
730 _aहायकूच्या वाटेवर
942 _cBOOK
999 _c431081
_d431078